Survivor Players Last Names (21-40) - Statistics

General Stats
  • This quiz has been taken 129 times
  • The average score is 183 of 380
Answer Stats
Season First Name Last Name % Correct
Brandon | Russell Hantz
91%
Edna Ma
91%
Amber | Rob Mariano
91%
Dale | Kelley Wentworth
91%
Jeremy | Katie | Val Collins
89%
Brad | Monica Culpepper
89%
Tony Vlachos
89%
Keith | Wes Nale
87%
Survivor: Blood vs. Water Laura | Rupert Boneham
85%
John Cochran
85%
Sarah Lacina
85%
Kim Spradlin
85%
Survivor: San Juan del Sur Nadiya | Natalie Anderson
83%
Tyson Apostol
83%
Spencer Bledsoe
83%
Ron Clark
83%
Colton Cumbie
83%
Eddie | Tasha Fox
83%
Andrew Savage
83%
J.T. | Shamar Thomas
83%
Jeff Varner
83%
Joe Anglim
80%
Wendy Diaz
80%
Sandra Diaz-Twine
80%
Stephen Fishbach
80%
Michele Fitzgerald
80%
Jimmy | Laurel | Stephanie Johnson
80%
Michael Skupin
80%
Coach Wade
80%
Ozzy Lusth
78%
Tina Wesson
78%
Mike | Sarita White
78%
Sophie Clarke
76%
Sierra Dawn Thomas
76%
Phillip Sheppard
76%
Denise Stapley
76%
Russell Swan
76%
Ashley | Chris Underwood
76%
Candice | John Cody
74%
Terry Deitz
74%
Abi-Maria Gomes
74%
Mike Holloway
74%
Adam Klein
74%
Laura Morett
74%
Morgan Ricke
74%
Parvati Shallow
74%
Tai Trang
74%
Danni Boatwright
72%
Yul Kwon
72%
Kass McQuillen
72%
Aubry Bracco
70%
Cirie Fields
70%
Hali Ford
70%
Malcolm Freberg
70%
Survivor: Caramoan | Survivor: Redemption Island Francesca Hogi
70%
Survivor: Worlds Apart Kellee | So Kim
70%
Jonathan Penner
70%
Kelly Wiglesworth
70%
Alina | Baylor | Nick Wilson
70%
David | Steve Wright
70%
Ethan Zohn
70%
Fabio Birza
67%
Ciera Eastin
67%
Kimmi Kappenberg
67%
Gervase | Marissa Peterson
67%
Chase | Jim Rice
67%
Andrea Boehlke
65%
Wendell Holland
65%
Peih-Gee Law
65%
Hayden Moss
65%
Michaela Bradshaw
63%
Rick Devens
63%
Jeff Kent
61%
Dawn Meehan
61%
John Rocker
61%
Tommy Sheehan
61%
Tarzan | Zeke Smith
61%
Aras | Vytas Baskauskas
59%
Alec | Drew Christy
59%
Woo Hwang
59%
Monica Padilla
59%
Erik Reichenbach
59%
Cliff Robinson
59%
Ben Driebergen
57%
Brenda Lowe
57%
Caleb Reynolds
54%
Natalie Tenerelli
54%
Domenick Abbate
52%
Will Wahl
52%
Christina Cha
50%
Matt Elrod
50%
Kyle Jason
50%
Corinne Kaplan
50%
Jon Misch
50%
Scot Pollard
50%
Carolyn Rivera
50%
Sabrina Thompson
50%
Debbie Wanner
50%
Natalie Cole
48%
Kat Edorsson
48%
Christian Hubicki
48%
Kristina Kell
48%
Survivor: Philippines Zane Knight
48%
Devon Pinto
48%
Kelly Shinn
48%
Lisa Whelchel
48%
Jeremiah Wood
48%
Max | Sarah Dawson
46%
Chrissy Hofbeck
46%
Brendan | Hannah Shapiro
46%
Dan Spilo
46%
Carter | Desi Williams
46%
Jefra Bland
43%
Survivor: Edge of Extinction Reem Daly
43%
Holly Hoffman
43%
Kara Kay
43%
Dan Lembo
43%
Survivor: One World Kourtney Moon
43%
Michael Snow
43%
Alan Ball
41%
Kelly Bruno
41%
Dan Foley
41%
Troyzan Robertson
41%
RC Saint-Amour
41%
Kim Spradlin-Wolfe
41%
Survivor: Ghost Island Stephanie Gonzalez
39%
Shirin Oskooi
39%
Lauren Rimmer
39%
Survivor: Cagayan David Samson
39%
CeCe | J'Tia Taylor
39%
Jenn Brown
37%
Albert Destrade
37%
Reed Kelly
37%
Morgan McLeod
37%
Joe Mena
37%
NaOnka Mixon
37%
David Murphy
37%
Chris Noble
37%
Karishma Patel
37%
Marty Piombo
37%
Davie Rickenbacker
37%
Vince Sly
37%
Jay Starrett
37%
Jimmy Tarantino
37%
Garrett Adelstein
35%
Survivor: David vs. Goliath Pat Cusack
35%
Jacob Derwin
35%
Benry Henry
35%
Angelina Keeley
35%
Ralph Kiser
35%
Alexis Maxwell
35%
Bi | Simone Nguyen
35%
Will Sims II
35%
Ryan Ulrich
35%
Jane Bright
33%
Jessica Lewis
33%
Chelsea Meissner
33%
Lindsey Ogle
33%
Stephanie Valencia
33%
Michael Yerger
33%
Mike Chiesl
30%
Tyrone Davis
30%
Whitney Duncan
30%
Shannon Elkins
30%
Trish Hegarty
30%
Grant Mattos
30%
Lauren O'Connell
30%
Missy Payne
30%
Jaclyn Schultz
30%
Mikayla Wingle
30%
Tyler Fredrickson
28%
Anna Khait
28%
Julie McGee
28%
Gabby Pascuzzi
28%
Alicia Rosa
28%
Reynold Toepfer
28%
Julie Wolfe
28%
Jay Byars
26%
Josh Canfield
26%
Joe del Campo
26%
Lucy Huang
26%
Brice | Jessica Johnston
26%
Krista Klumpp
26%
Dean Kowalski
26%
Ken McNickle
26%
Alec Merlino
26%
Jessica Peet
26%
Bill Posley
26%
Stacey Powell
26%
Elaine Stott
26%
Mari Takahashi
26%
Pete Yurkowski
26%
Lauren Beck
24%
Sunday Burquest
24%
Missy Byrd
24%
Cydney Gillon
24%
John Hennigan
24%
Sash Lenahan
24%
LJ McKanas
24%
Cole Medders
24%
Vince Moua
24%
Yve Rojas
24%
Gavin Whitson
24%
Survivor: Millennials vs. Gen X Rachel Ako
22%
Matt Bischoff
22%
Mark Caruso
22%
Figgy Figueroa
22%
Rachel Foulger
22%
Donathan Hurley
22%
Dana Lambert
22%
Rodney Lavoie Jr.
22%
James Lim
22%
Sebastian Noel
22%
Elizabeth Olson
22%
Survivor: Heroes vs. Healers vs. Hustlers Katrina Radke
22%
Kelly Remington
22%
Victoria Baamonde
20%
Kellyn Bechtold
20%
Patrick Bolton
20%
Wardog DaSilva
20%
Michael Jefferson
20%
Bret LaBelle
20%
Tom Laidlaw
20%
Nick Maiorano
20%
Rick Nelson
20%
Angela Perkins
20%
Lyrsa Torres
20%
Chelsea Townsend
20%
Caleb Bankston
17%
Survivor: Island of the Idols Ronnie Bardah
17%
Jill Behm
17%
Sherri Biethman
17%
Neal Gottlieb
17%
Leif Manson
17%
Dan Rengering
17%
Jamal Shipman
17%
Jenna Bowman
15%
Janet Carbin
15%
Ali Elliott
15%
Chris Hammons
15%
Alecia Holden
15%
Aaron Meredith
15%
Roxy Morris
15%
Ashley Nolan
15%
Survivor: South Pacific Semhar Tadesse
15%
Keith Tollefson
15%
Paul Wachter
15%
Peter Baggenstos
13%
Elizabeth Beisel
13%
Molly Byman
13%
Jeremy Crawford
13%
Hope Driskill
13%
Survivor: Kaoh Rong Darnell Hamilton
13%
JP Hilsabeck
13%
Julia Landauer
13%
Jack Nichting
13%
Jonas Otsuji
13%
Nina Poersch
13%
Alison Raybould
13%
Julia Sokolowski
13%
Elyse Umemoto
13%
Mike Zahalsky
13%
Nina Acosta
11%
Carl Boudreaux
11%
Lindsey Cascaddan
11%
Jennifer Lanzetti
11%
Angie Layton
11%
Liz Markham
11%
Matt Quinlan
11%
Julie Rosenberg
11%
Chelsea Walker
11%
Laura Alexander
9%
Julia Carter
9%
Bradley Kleihege
9%
Aurora McCreary
9%
Noura Salman
9%
Michelle Schubert
9%
Christine Shields Markoski
9%
Artis Silvester
9%
Natalia Azoqa
7%
Survivor: Nicaragua Wendy DeSmidt-Kohlhoff
7%
Katie Hanson
7%
Jason Linden
7%
Roark Luskin
7%
Allie Pohevitz
7%
Taylor Stocker
7%
Desiree Afuye
4%
Eric Hafemann
4%
Joaquin Souberbielle
4%
Keith Sowell
4%
Libby Vincek
2%
No matching quizzes found
Score Distribution
Percent of People with Each Score
Percentile by Number Answered
Your Score History
You have not taken this quiz